000 00607nam a2200241 a 4500
001 nice12345678
003 IN_TiNIC
005 20260116011329.0
008 050524s1937 leia grp 000 0 per
020 _a
_c100
082 0 0 _a297.822
_bJUW
100 _aJuwayni Alaud-Din, Ata Malik
245 _aTarikh-I-Jahan Gusha
_b Composed in A.H.658-A.D.1260 Part 3
260 _aLeiden
_bE. J. Brill
_c1937
300 _a593p
500 _aincludes index and biblioraphy
505 2 _aIll, Index
650 _aIsmailis-Hitory
650 _aMongols
902 _bSRS
942 _cBK
999 _c571
_d571